Osobitné formy financovania malých podnikov vo Veľkej Británii

Podnikateľský formát franchising. Náklady na franchising. Úspechy a neúspechy tohto systému. Výhody a nevýhody. Otázka malého podniku v systéme franchising.

Saved in:
Bibliographic Details
Main Author: Kováčová, Eva
Format: Book Chapter
Language:Slovak
Subjects:
Tags: Add Tag
No Tags, Be the first to tag this record!

MARC

LEADER 00000nla$a2200000$$$4500
001 0068195
005 20240502071825.1
041 0 |a slo 
044 |a SK 
245 1 0 |a Osobitné formy financovania malých podnikov vo Veľkej Británii  |c Eva Kováčová 
520 |a Podnikateľský formát franchising. Náklady na franchising. Úspechy a neúspechy tohto systému. Výhody a nevýhody. Otázka malého podniku v systéme franchising. 
610 2 0 |a franchising 
610 2 0 |a náklady 
610 2 0 |a podnikanie 
610 2 0 |a podnik malý 
100 1 |a Kováčová, Eva